Biblioteca

El Dios de Jesús : (Registro nro. 70952)

Detalles MARC
000 -LÍDER
Campo fijo de descripción fija 01567nam a2200385 i 4500
001 - NÚMERO DE CONTROL
Campo de control 768714001
003 - IDENTIFICADOR DEL NÚMERO DE CONTROL
Campo de control CO-MdFUSB
005 - FECHA Y HORA DE LA ULTIMA TRANSACCIÓN
control field 20260326161015.0
007 - CAMPO FIJO DE DESCRIPCIÓN FIJA--INFORMACIÓN GENERAL
Campo fijo de descripción fija ta
008 - ELEMENTOS DE LONGITUD FIJA -- INFORMACIÓN GENERAL
Campo fijo de descripción fija -- Información general 240918t1995 sp ||||| |||| 001 0 spa d
020 ## - NÚMERO INTERNACIONAL NORMALIZADO PARA LIBROS
Número Internacional Normalizado del libro 84-301-1247-2
040 ## - FUENTE DE CATALOGACIÓN
Idioma de catalogación spa.
Agencia de catalogación original CO-MdFUSB
Agencia que realiza la transcripción CO-MdFUSB
Agencia que realiza la modificación CO-MdFUSBC
Convenciones de la descripción rda
041 ## - CÓDIGO DE IDIOMA
Código de idioma para texto/pista de sonido o título separado spa
Código de idioma original fre
082 ## - NÚMERO DE CLASIFICACIÓN DECIMAL DEWEY
Número de la edición del Dewey 23
Número de clasificación 225.6
Clave de autor-Numero de item SCH345
100 ## - ASIENTO PRINCIPAL--NOMBRE PERSONAL
Nombre personal Schlosser, Jacques,
Término relacionador autor
240 ## - TITULO UNIFORME
Título uniforme <a href="Le Dieu de Jésus. Etude exégétique">Le Dieu de Jésus. Etude exégétique</a>
245 13 - TÍTULO
Título del Material El Dios de Jesús :
Parte restante del título - Subtitulo estudio exegético
Mención de responsabilidad, etc. / Jacques Schlosser ; traducido por Alfonso Ortíz García
264 #1 - PRODUCCIÓN, PUBLICACIÓN, DISTRIBUCIÓN, MANUFACTURA, Y COPYRIGHT
Lugar de producción, publicación, distribución, manufactura Salamanca, España :
Nombre del productor, publicador, distribuidor Sígueme,
Fecha de producción, publicación, distribución, manufactura, o copyright [1995]
264 #4 - PRODUCCIÓN, PUBLICACIÓN, DISTRIBUCIÓN, MANUFACTURA, Y COPYRIGHT
Fecha de producción, publicación, distribución, manufactura, o copyright ©1995
300 ## - DESCRIPCIÓN FÍSICA
Extensión 285 páginas
Dimensiones ; 21 cm
336 ## - TIPO DE CONTENIDO
Fuente rdacontent
Término de tipo de contenido texto
Código de tipo de contenido txt
337 ## - TIPO DE MEDIO
Fuente rdamedia
Nombre del tipo de medio sin mediación
Código del tipo de medio n
338 ## - TIPO DE SOPORTE
Fuente rdacarrier
Nombre del tipo de soporte volumen
Código Tipo de soporte nc
490 ## - MENCIÓN DE SERIE
Mención de serie Biblioteca de Estudios Bíblicos
500 ## - NOTA GENERAL
Nota General Incluye índice citas bíblicas, prólogo y siglas<br/>
505 ## - NOTA DE CONTENIDO
Nota de contenido con formato preestablecido Aproximaciones. -- Las designaciones de Dios. -- Las líneas generales del retrato de Dios. -- El Dios fiel y seguro. -- El Dios Padre. -- El Antiguo Testamento y el judaísmo antiguo. -- La paternidad de Dios en los logia de Jesús. -- Abba. -- Un Dios desconcertante. -- La parábola de los obreros (Mt 20, 1-15). -- El amor a los enemigos (Mt 5, 44-45 par).
563 ## - NOTA DE ENCUADERNACIÓN
Nota de encuadernación Rústica
650 #7 - ASIENTO SECUNDARIO DE MATERIA - TERMINO TEMÁTICO
Término temático o nombre geográfico como elemento de entrada Dios
9 (RLIN) 178
650 #7 - ASIENTO SECUNDARIO DE MATERIA - TERMINO TEMÁTICO
Término temático o nombre geográfico como elemento de entrada Cristología
9 (RLIN) 239
650 #7 - ASIENTO SECUNDARIO DE MATERIA - TERMINO TEMÁTICO
Término temático o nombre geográfico como elemento de entrada Hermenéutica
9 (RLIN) 418
653 ## - TÉRMINO DE INDIZACIÓN - NO CONTROLADO
Término no controlado Exégesis
700 ## - ASIENTO SECUNDARIO - NOMBRE PERSONAL
Nombre personal Ortiz García, Alfonso
9 (RLIN) 6068
Responsabilidad traductor
942 ## - TIPO DE MATERIAL (KOHA)
Tipo de Item KOHA Libros General
945 ## - INFORMACIÓN LOCAL DEL REGISTRO
Catalogador Catherine Arias Alvarez
Existencias
Estado de Material Estado de Perdido Forma de Clasificación Volumen-Parte/Tomo Estado de Dañado No para Préstamo Colección Tomo Biblioteca de Origen Biblioteca Permanente Fecha de Adquisición Área Total de Préstamos Signatura Topográfica Código de Barras Última vez visto Ejemplar/Existencia Fecha de Remplazo Tipo de Material
    Dewey Decimal Classification       Colección General   Biblioteca FUSBC Biblioteca FUSBC 18/09/2024 TEOLOGÍA CRISTIANA   G 225.6 SCH345d 25023 18/09/2024 Ej. 1 18/09/2024 Libros General

Biblioteca FUSBC | Teléfono: (57+4) 349 88 10 Ext. 141| WhatsApp (+57) 3005338115 
E-mail: biblioteca@unisbc.edu.co | Calle 76 87-14 Robledo Palenque, Medellín, Colombia

Con tecnología Koha